000 00716nam a2200241Ia 4500
003 OSt
005 20220925235357.0
006 a|||||r|||| 00| 0
007 ta
008 220923b |||||||| |||| 00| 0 eng d
020 _a9788178847542
_c722.5
037 _b633, 04/12/2012, Ansh Book International
_cGeneral Book
040 _aRTL
_cRTL
_beng
041 _2eng
_aeng
082 _aU47, Q1
100 _aPRAJAPATI R.V.
_9301257
245 0 _aPrinciples of Human Geography
260 _a New Delhi
_bCyber Tech
_c2011
300 _a272p
_ccm.
650 _aGeography
942 _hU47, Q1
_cGB
_2CC
999 _c597272
_d597272